000 00652nam a2200289Ia 4500
005 20260324144944.0
008 008 260324s9999 xx 000 0 eng d
020 _a9781351129688
037 _aEBOOK
040 _aCRL
040 _beng
040 _cCRL
041 _2eng
041 _aeng
084 _qCRL
100 _aDavid Porush
_91221224
245 4 _aThe Soft Machine
245 0 _bCybernetic Fiction
260 _bTaylor and Francis
260 _c1985
365 _a
365 _b180
856 _uhttp://www.taylorfrancis.com/books/9781351129688
942 _cEBOOK
999 _c1828485
_d1828485